Normale Ansicht MARC-Ansicht ISBD

Narody. Istorija zavoevanija (Titelsatznr. 73725)

[ MARC ]
MARC-Details
000 -Satzkennung
Kontrollfeld mit fester Länge 00905nam a22003013u 4500
001 - Kontrollnummer
Kontrollfeld DHIM2026021613420019
003 - Kontrollnummer Identifier
Kontrollfeld RU-10907106
005 - Datum und Zeit der letzten Transaktion
Kontrollfeld 20260224135114.0
007 - Feld mit fester Länge zur physischen Beschreibung - Allgemeine Information
Kontrollfeld mit fester Länge tu
008 - Feld mit fester Länge zur physischen Beschreibung - Allgemeine Angaben
Kontrollfeld mit fester Länge 260216s2012 ru ||| ||| 000 0 rus d
020 ## - Internationale Standardbuchnummer
Verknüpfung 978-5-93680-513-4
Internationale Standardbuchnummer 9785936805134
040 ## - Katalogisierungsquelle
Original-Katalogisierungsstelle RU-10907106
Katalogisierungssprache ger
Übertragungsstelle RU-10907106
041 ## - Sprachcode
Sprachcode des Textes/der Tonspur oder des separaten Titels rus
100 1# - Haupteintragung - Personenname
Funktionsbezeichnungscode aut
Personenname Kovalevskij, P. I.
Vollständige Form eines Namens Kovalevskij, Pavel Ivanovič
Koha-Normdatenidentnummer 68443
245 #0 - Titel
Titel Narody. Istorija zavoevanija
264 #1 - Produktion, Veröffentlichung, Distribution, Herstellung und Urheberrechtsvermerk
Herstellungs-, Veröffentlichungs- Vertriebs-, Erzeugungsort Nal'čik
Produzent, Herausgeber, Distributor, Hersteller Izdatel'stvo M. i V. Kotljarovych (OOO "Poligrafservis i T")
Datum der Herstellung, der Veröffentlichung, des Vertriebs oder des Urheberschutzvermerks 2012
300 ## - Physische Beschreibung
Umfang 432 Seiten
336 ## - Inhaltstyp
Quelle rdacontent
Inhaltstypterm Text
Inhaltstypcode txt
337 ## - Medientyp
Quelle rdamedia
Bezeichnung des Medientyps Ohne Hilfsmittel zu benutzen
Medientypcode n
338 ## - Datenträgertyp
Quelle rdacarrier
Datenträgertypbezeichnung Band
Datenträgertypcode nc
490 0# - Gesamttitelangabe
Gesamttitelangabe Kavkaz
Bandnummer/Folgebezeichnung XI
650 ## - Nebeneintragung unter einem Schlagwort - Sachschlagwort
Sachschlagwort oder geografischer Name als Eintragungselement Nationalismus
650 ## - Nebeneintragung unter einem Schlagwort - Sachschlagwort
Sachschlagwort oder geografischer Name als Eintragungselement Eroberung
Koha-Normdatenidentnummer 8418
650 ## - Nebeneintragung unter einem Schlagwort - Sachschlagwort
Sachschlagwort oder geografischer Name als Eintragungselement Ethnische Gruppe
Koha-Normdatenidentnummer 2000
651 ## - Nebeneintragung unter einem Schlagwort - Geografischer Name
Geografischer Name Kaukasus
651 ## - Nebeneintragung unter einem Schlagwort - Geografischer Name
Geografischer Name Russland
942 ## - Zusätzliche Felder (Koha)
Klassifikation oder Aufstellungssystematik Andere/Generische Klassifikation
Koha-Medientyp Monographien
Exemplare
Ausgeschieden Verloren Klassifikation oder Aufstellungssystematik Beschädigt Nicht entleihbar Heimatbibliothek Aufenthaltsbibliothek Erwerbungsdatum Inventarnummer Signatur Barcode Letzte Aktivität Preis gültig von Koha-Medientyp
    Andere/Generische Klassifikation     MWN Osteuropa MWS-Büro Georgien 13/11/2025 26-00016 R 54 s Kov 76647 16/02/2026 16/02/2026 Monographien